Guess the Booktok Book by the Author - Statistics

General Stats
  • This quiz has been taken 116 times
  • The average score is 11 of 15
Answer Stats
Author: Book: % Correct
Ana Huang Twisted Love
92%
Colleen Hoover It Ends With Us
89%
Rebecca Yarros Fourth Wing
85%
Tahereh Mafi Shatter Me
84%
Sarah J Maas A Court of Thorns and Roses
82%
Holly Jackson A Good Girls Guide to Murder
81%
Holly Black The Cruel Prince
80%
Ali Hazelwood The Love Hypothesis
74%
Lauren Roberts Powerless
73%
Freida McFadden The Housemaid
73%
Hannah Grace Icebreaker
69%
Jennifer Lynn Barnes The Inheritance Games
68%
Stephanie Garber Once Upon a Broken Heart
67%
Rachel Reid Heated Rivalry
34%
Rachel Gillig One Dark Window
26%
No matching quizzes found
Score Distribution
Percent of People with Each Score
Percentile by Number Answered
Your Score History
You have not taken this quiz